[Event "London Classic Open 2015"]
[Site "London ENG"]
[Date "2015.12.05"]
[Round "3.66"]
[White "Player, Edmund C"]
[Black "Calvert, D Ian"]
[Result "1-0"]
[WhiteElo "2183"]
[BlackElo "1984"]
[WhiteFideId "406520"]
[BlackFideId "406368"]
[EventDate "2015.12.04"]

1. e4 d5 2. exd5 Qxd5 3. Nc3 Qd6 4. d4 Nf6 5. h3 a6 6. Nf3 Bf5 7. Be3 Nc6 8. Qd2
e5 9. Nxe5 Nxe5 10. Bf4 O-O-O 11. Bxe5 Qc6 12. Bd3 Bxd3 13. Qxd3 Qxg2 14. Qf5+
Kb8 15. O-O-O Qc6 16. Rhg1 Qd7 17. Qxd7 Rxd7 18. Bxf6 gxf6 19. Ne4 Bh6+ 20. Kb1
f5 21. Ng3 Rd5 22. c4 Ra5 23. d5 Bf4 24. Nxf5 Re8 25. Nd4 Rc5 26. Rg4 1-0

[Event "London Classic Open 2015"]
[Site "London ENG"]
[Date "2015.12.05"]
[Round "3.67"]
[White "Marzano, Carlo"]
[Black "Roque Sola, Gisela"]
[Result "1-0"]
[BlackTitle "WFM"]
[WhiteElo "2177"]
[BlackElo "1983"]
[WhiteFideId "802980"]
[BlackFideId "5120241"]
[EventDate "2015.12.04"]

1. d4 e6 2. Nf3 Nf6 3. Bg5 Be7 4. Nbd2 b6 5. e4 Bb7 6. Bd3 d6 7. O-O Nbd7 8. Qe2
O-O 9. c3 Ne8 10. Bf4 Kh8 11. e5 c5 12. Ne4 d5 13. Neg5 h6 14. Nh3 Bc8 15. Qe3
f5 16. Bxh6 gxh6 17. Qxh6+ Kg8 18. Qxe6+ Kg7 19. Nf4 Nc7 20. Nh5+ 1-0

[Event "London Classic Open 2015"]
[Site "London ENG"]
[Date "2015.12.05"]
[Round "3.68"]
[White "Millward, Kevin P"]
[Black "Coleman, David J"]
[Result "0-1"]
[BlackTitle "CM"]
[WhiteElo "1980"]
[BlackElo "2176"]
[WhiteFideId "404721"]
[BlackFideId "402087"]
[EventDate "2015.12.04"]

1. e4 c5 2. Nc3 Nc6 3. g3 g6 4. Bg2 Bg7 5. d3 d6 6. Be3 Nd4 7. Qd2 Rb8 8. Nge2
Bg4 9. Ng1 b5 10. f3 Bd7 11. h4 h5 12. Nh3 b4 13. Nd1 a5 14. c3 Nc6 15. a4 e5
16. O-O Nh6 17. Bf2 O-O 18. Be3 Bxh3 19. Bxh3 Kh7 20. Bf2 f5 21. Ne3 Rb7 22. Nd5
Ne7 23. Nxe7 Qxe7 24. d4 bxc3 25. bxc3 exd4 26. cxd4 fxe4 27. Rac1 Rxf3 28. dxc5
dxc5 29. Bxc5 Rxg3+ 30. Bg2 Qxh4 31. Bf2 Ng4 32. Bxg3 Qxg3 33. Rf2 e3 0-1

[Event "London Classic Open 2015"]
[Site "London ENG"]
[Date "2015.12.05"]
[Round "3.69"]
[White "Haribalu, V."]
[Black "Skutta, Bernd"]
[Result "1-0"]
[WhiteElo "2174"]
[BlackElo "1973"]
[WhiteFideId "5015189"]
[BlackFideId "4666950"]
[EventDate "2015.12.04"]

1. e4 d6 2. d4 Nf6 3. Nc3 e5 4. dxe5 dxe5 5. Qxd8+ Kxd8 6. Bg5 Nd7 7. Bc4 Ke8 8.
O-O-O a6 9. f4 Bd6 10. Nf3 Ng4 11. fxe5 Ndxe5 12. Nxe5 Nxe5 13. Bb3 Be6 14. Bxe6
fxe6 15. Rhf1 h6 16. Bf4 Ke7 17. Ne2 Rhf8 18. h3 Rf6 19. Bxe5 Bxe5 20. Ng1 Bf4+
21. Kb1 Rd8 22. Rxd8 Kxd8 23. Ne2 Be5 24. Rxf6 Bxf6 25. c3 Kd7 26. Kc2 Kd6 27.
Kd3 Ke5 28. g3 Bg5 29. Nd4 Bc1 30. Nf3+ Kf6 31. b3 e5 32. Kc4 Ke6 33. a4 g5 34.
g4 Be3 35. b4 Kd6 36. Ne1 Bd2 37. Nd3 b6 38. Kb3 Be3 39. c4 c5 40. b5 a5 41. Kc2
Ke6 42. Kd1 Bd4 43. Ke2 Bg1 44. Kf3 Bd4 45. Nc1 Bc3 46. Ne2 Be1 47. Kg2 Kd6 48.
Kf1 Bh4 49. Nc3 Kc7 50. Nd5+ Kb7 51. Ne3 Bg3 52. Nf5 Bf4 53. Nxh6 Kc7 54. Nf5
Kd7 55. Kg2 Ke6 56. h4 gxh4 57. Nxh4 Bg5 58. Nf3 Bf4 59. g5 Kf7 60. Kh3 Kg7 61.
Kg4 Kg6 62. Nh4+ Kf7 63. Kf5 Bg3 64. Ng6 1-0

[Event "London Classic Open 2015"]
[Site "London ENG"]
[Date "2015.12.05"]
[Round "3.70"]
[White "Rice, Chris B"]
[Black "Williamson, Roger G"]
[Result "1/2-1/2"]
[WhiteElo "1956"]
[BlackElo "2172"]
[WhiteFideId "404446"]
[BlackFideId "414620"]
[EventDate "2015.12.04"]

1. c4 f5 2. g3 Nf6 3. Bg2 e6 4. Nf3 d5 5. O-O Bd6 6. d3 O-O 7. Nc3 Nc6 8. e4
fxe4 9. dxe4 dxc4 10. Qe2 e5 11. Qxc4+ Kh8 12. h3 a6 13. Be3 Qe8 14. Qe2 Be6 15.
Rfd1 Qh5 16. Nh4 Qxe2 17. Nxe2 Nb4 18. Nf5 Nc2 19. Rac1 Nxe3 20. fxe3 Bxa2 21.
Nxd6 cxd6 22. Rxd6 Rf7 23. Nc3 Bb3 24. Nd5 Raf8 25. Rf1 Kg8 26. Re6 Nd7 27. Rxf7
Rxf7 28. Re8+ Rf8 29. Re7 Rd8 30. Re6 Kf8 31. Bf3 g6 32. Rd6 Ke8 33. Re6+ Kf8
34. Rd6 Ke8 35. Re6+ 1/2-1/2

[Event "London Classic Open 2015"]
[Site "London ENG"]
[Date "2015.12.05"]
[Round "3.71"]
[White "Ditmas, Hugh"]
[Black "Murphy, Hugh W"]
[Result "1-0"]
[WhiteElo "1941"]
[BlackElo "2168"]
[WhiteFideId "1270666"]
[BlackFideId "422444"]
[EventDate "2015.12.04"]

1. d4 e6 2. c4 d5 3. Nf3 Nf6 4. Nc3 Be7 5. Bg5 O-O 6. e3 Nbd7 7. Rc1 a6 8. Bd3
dxc4 9. Bxc4 b5 10. Bd3 Bb7 11. O-O c5 12. dxc5 Nxc5 13. Bb1 Qb6 14. a3 Rfd8 15.
Qc2 g6 16. b4 Nce4 17. Nxe4 Bxe4 18. Qc7 Qxc7 19. Rxc7 Bxf3 20. gxf3 Kf8 21. Be4
Rac8 22. Bh6+ Ke8 23. Bc6+ Nd7 1-0

[Event "London Classic Open 2015"]
[Site "London ENG"]
[Date "2015.12.05"]
[Round "3.72"]
[White "Obioma Onuoha"]
[Black "Disu, Kayode"]
[Result "1-0"]
[WhiteElo "2165"]
[BlackElo "1910"]
[WhiteFideId "8505837"]
[BlackFideId "432849"]
[EventDate "2015.12.04"]

1. e4 c5 2. Nf3 e6 3. d4 cxd4 4. Nxd4 Nc6 5. Nc3 Qc7 6. Ndb5 Qb8 7. a4 Nf6 8.
Be2 a6 9. Na3 Bb4 10. O-O O-O 11. Bf3 Ne5 12. Bf4 d6 13. Qe2 Bd7 14. Bg5 Qc7 15.
Nab1 Nc4 16. Nd1 Rac8 17. c3 Ba5 18. Nd2 Nxd2 19. Qxd2 Bc6 20. Bxf6 gxf6 21. Qh6
Qe7 22. Ne3 Rfe8 23. Rfd1 Kh8 24. Rxd6 Qxd6 25. Qxf6+ Kg8 26. Nf5 exf5 27. Qxd6
fxe4 28. Bg4 Rcd8 29. Qf6 Rd5 30. c4 Rde5 31. h4 Bd2 32. Bf5 e3 33. fxe3 Bxe3+
34. Kh1 Bd2 35. Rf1 Re1 36. Rxe1 Rxe1+ 37. Kh2 Bb4 38. Qh6 f6 39. Qxh7+ Kf8 40.
Qh6+ Kf7 41. Qg6+ Ke7 42. Qg7+ Kd8 43. Qxf6+ Kc7 44. Kh3 Re2 45. Qg7+ Kb8 46. g3
Bf3 47. Qh8+ Ka7 48. Qd4+ Ka8 49. c5 Bd2 50. Qd8+ Ka7 51. Qb6+ Kb8 52. c6 Bxc6
53. Kg4 Re8 54. h5 Rg8+ 55. Bg6 Bd7+ 56. Kh4 Bc6 57. b4 Bc3 58. b5 Bf6+ 59. Kg4
Bd8 60. Qd4 axb5 61. axb5 Bg2 62. b6 Bc6 63. Qd6+ Ka8 64. Qe6 Rf8 65. Qc8# 1-0

[Event "London Classic Open 2015"]
[Site "London ENG"]
[Date "2015.12.05"]
[Round "3.74"]
[White "Rocco, Federico"]
[Black "Ethelontis, Alexandros N"]
[Result "1-0"]
[WhiteElo "1855"]
[BlackElo "2162"]
[WhiteFideId "431362"]
[BlackFideId "405469"]
[EventDate "2015.12.04"]

1. e4 e6 2. d3 c5 3. g3 Nc6 4. Bg2 g6 5. Nd2 Bg7 6. Ngf3 Nge7 7. O-O O-O 8. Re1
d6 9. c3 e5 10. d4 cxd4 11. cxd4 exd4 12. Nb3 Qb6 13. Bf4 Rd8 14. Qd2 Be6 15.
Nc1 Qb4 16. Rd1 Qxd2 17. Rxd2 h6 18. h4 Bg4 19. Nh2 Be6 20. Nf3 Bc4 21. Bf1 d5
22. e5 a5 23. Nd3 a4 24. Nc5 b6 25. Nb7 Rd7 26. Nd6 Bxf1 27. Kxf1 a3 28. b3 g5
29. hxg5 hxg5 30. Nxg5 Nxe5 31. Bxe5 Bxe5 32. Ndxf7 Bg7 33. Re1 Nc6 34. Re6 Na5
35. Rde2 Rxf7 36. Nxf7 Kxf7 37. Rxb6 Rc8 38. Rb5 Nc6 39. Rxd5 Nb4 40. Rd7+ Kf6
41. Rxd4 Rc1+ 42. Kg2 Bf8 43. Rf4+ Kg7 44. Rd4 Rc6 45. Rc4 Rf6 46. Rc7+ Kg6 47.
f4 Rd6 48. Ra7 Na6 49. Kh3 Bg7 50. Kg4 Bb2 51. Rh2 Bg7 52. Rh5 Bb2 53. f5+ Kf6
54. Rh6+ Ke5 55. Rxd6 Nb4 56. Re6+ Kd5 57. Rd7+ Kc5 58. f6 Nxa2 59. f7 Bg7 60.
Ra7 Nb4 61. Rxa3 Nc6 62. b4+ Kd5 63. Rxc6 Kxc6 64. Ra8 1-0

[Event "London Classic Open 2015"]
[Site "London ENG"]
[Date "2015.12.05"]
[Round "3.75"]
[White "Wecker, Martin"]
[Black "Simpson, Ben"]
[Result "1-0"]
[WhiteElo "2161"]
[BlackElo "1865"]
[WhiteFideId "12931462"]
[BlackFideId "444405"]
[EventDate "2015.12.04"]

1. Nf3 Nf6 2. c4 g6 3. g3 Bg7 4. Bg2 O-O 5. d4 d6 6. O-O c6 7. Nc3 Qa5 8. e4 Bg4
9. h3 Bxf3 10. Bxf3 e5 11. d5 cxd5 12. cxd5 Rc8 13. a3 Qd8 14. Be3 a5 15. Na4
Nbd7 16. Qd3 Nc5 17. Nxc5 dxc5 18. Rac1 b6 19. Rfd1 Qd6 20. Bg2 Nh5 21. h4 Rf8
22. Bh3 f5 23. Bd2 fxe4 24. Qxe4 Nf6 25. Qc4 Rad8 26. Bg5 Kh8 27. Be6 h6 28. Be3
e4 29. Bf4 Qe7 30. Be5 Rxd5 31. Rxd5 Qxe6 32. Rxc5 Qf5 33. Rb5 e3 34. fxe3 Qh3
35. Rf1 Kh7 36. Qe2 Ne4 37. Rxf8 Bxe5 38. Qg2 Qxg3 39. Qxg3 Bxg3 40. Re8 Nd6 41.
Re7+ Kg8 42. Rxb6 Nf5 43. Rxg6+ Kf8 44. Ree6 Bxh4 45. Ref6+ 1-0

[Event "London Classic Open 2015"]
[Site "London ENG"]
[Date "2015.12.05"]
[Round "3.76"]
[White "Jones, Steven A"]
[Black "Modica, Jake"]
[Result "1-0"]
[WhiteElo "2160"]
[BlackElo "1736"]
[WhiteFideId "419630"]
[BlackFideId "442160"]
[EventDate "2015.12.04"]

1. e4 e6 2. d4 d5 3. Nc3 Nf6 4. Bg5 Bb4 5. e5 h6 6. Bc1 Ne4 7. Qg4 Kf8 8. Ne2 c5
9. a3 Qa5 10. axb4 Qxa1 11. Nxd5 f5 12. exf6 Nxf6 13. Nxf6 gxf6 14. Qg6 Nd7 15.
bxc5 Rg8 16. Qxh6+ Kf7 17. g3 Qa5+ 18. c3 Qd8 19. Qh5+ Kf8 20. Bh6+ Ke7 21. Bf4
Qe8 22. Bd6+ Kd8 23. Qh7 Rh8 24. Qd3 Nb8 25. Bg2 Nc6 26. O-O Ne7 27. Bxe7+ Kxe7
28. Nf4 Kf7 29. Re1 Qg8 30. Qc4 Qh7 31. h4 Qf5 32. Bh3 1-0

[Event "London Classic Open 2015"]
[Site "London ENG"]
[Date "2015.12.05"]
[Round "3.77"]
[White "Kalaiyalahan, Akshaya"]
[Black "Hung, Jake"]
[Result "1-0"]
[WhiteElo "2157"]
[BlackElo "1650"]
[WhiteFideId "422894"]
[BlackFideId "426431"]
[EventDate "2015.12.04"]

1. d4 g6 2. Nf3 d5 3. c4 c6 4. e3 Bg7 5. Be2 Nf6 6. O-O O-O 7. Nbd2 Nbd7 8. b3
Ne8 9. Bb2 f5 10. Ng5 Ndf6 11. Rc1 Nd6 12. Ngf3 Nf7 13. b4 Qd6 14. a3 Nd7 15.
Qb3 e5 16. dxe5 Ndxe5 17. cxd5 cxd5 18. Rfd1 b6 19. Nd4 Bd7 20. N2f3 Rad8 21.
Rd2 g5 22. Nxe5 Nxe5 23. Nf3 Nxf3+ 24. Bxf3 Be6 25. Bxg7 Kxg7 26. Rcd1 Qe5 27.
Bxd5 Bc8 28. Qa4 Rd7 29. Bf3 Rc7 30. b5 Rf6 31. Qb4 g4 32. Bc6 Be6 33. g3 h5 34.
Qd6 Qxd6 35. Rxd6 Kf7 36. Rd8 Ke7 37. Re8+ Kf7 38. Rh8 Kg6 39. Rhd8 Kg7 40. R1d6
Re7 41. Rd4 Bb3 42. Kf1 Rff7 43. Ke1 Re5 44. Rb4 Ba2 45. Rb2 Be6 46. Re8 Kf6 47.
Rd2 Rc5 48. Rh8 Rc3 49. Rh6+ Ke5 50. Rxe6+ Kxe6 51. Bd5+ Ke7 52. Bxf7 Rc1+ 53.
Ke2 Kxf7 54. Rd7+ Ke6 55. Rxa7 Ke5 56. f3 gxf3+ 57. Kxf3 Rf1+ 58. Kg2 Re1 59.
Kf2 Ra1 60. a4 Ra2+ 61. Kf3 Rxh2 62. Rh7 Ra2 63. Rxh5 Rxa4 64. Rh6 Kd5 65. Rxb6
Rb4 66. Rb8 Kd6 67. b6 Kc6 68. Rf8 Kxb6 69. Rb8+ 1-0

[Event "London Classic Open 2015"]
[Site "London ENG"]
[Date "2015.12.05"]
[Round "3.78"]
[White "Klingher, Dominic"]
[Black "Bates, Caspar J"]
[Result "0-1"]
[WhiteElo "1758"]
[BlackElo "2154"]
[WhiteFideId "428850"]
[BlackFideId "414760"]
[EventDate "2015.12.04"]

1. e4 e5 2. f4 exf4 3. Nf3 d5 4. exd5 Nf6 5. c4 Bd6 6. d4 O-O 7. Be2 Re8 8. O-O
Ng4 9. Nc3 Ne3 10. Bxe3 fxe3 11. a3 Nd7 12. Bd3 Nf6 13. Qc2 Bf4 14. Rae1 g6 15.
g3 Bh6 16. Ne5 Bh3 17. Rf3 Rxe5 18. dxe5 Ng4 19. e6 f5 20. b3 Qg5 21. Bf1 Ne5
22. Rf4 Bg4 23. Rxe3 Qf6 24. Qf2 g5 25. Rd4 Nf3+ 26. Rxf3 Bxf3 27. Nb5 g4 28.
Nxc7 Qe5 29. Rd3 Qxc7 30. d6 Qc6 31. b4 Qe4 32. e7 Kf7 33. c5 b6 34. Rd4 Qb1 35.
d7 Kxe7 36. d8=Q+ Rxd8 37. Rxd8 Kxd8 38. Qd4+ Ke8 39. Qe5+ Kf7 40. Qc7+ Kg6 41.
Qd6+ Kh5 42. Qe6 Qe4 43. Qf7+ Kg5 44. Qg8+ Kf6 45. Qh8+ Bg7 46. Qd8+ Kg6 47.
Qd6+ Kh5 0-1

[Event "London Classic Open 2015"]
[Site "London ENG"]
[Date "2015.12.05"]
[Round "3.80"]
[White "Thatte, Nishchal"]
[Black "Lam, Daniel King-wai"]
[Result "0-1"]
[WhiteElo "1203"]
[BlackElo "2147"]
[WhiteFideId "447234"]
[BlackFideId "6001238"]
[EventDate "2015.12.04"]

1. e4 c5 2. Nf3 d6 3. c3 Nf6 4. Bd3 g6 5. Bc2 Bg7 6. d4 cxd4 7. cxd4 O-O 8. O-O
Bg4 9. Bf4 Qb6 10. Nc3 Nc6 11. Be3 Qxb2 12. Na4 Qb5 13. d5 Ne5 14. Rb1 Bxf3 15.
Rxb5 Bxd1 16. Rxd1 b6 17. Rc1 Rfc8 18. f4 Nc4 19. Bf2 Na3 20. Rb2 Nxe4 21. Rb4
Nxf2 22. Kxf2 Nxc2 23. Re4 b5 24. Re2 Nd4 25. Rxc8+ Rxc8 26. Rxe7 bxa4 27. Rxa7
Nb5 28. Rxa4 Nc3 29. Ra7 Bd4+ 30. Kf3 Bxa7 31. g4 f5 32. g5 Ne4 33. h4 Rc2 34.
h5 Rf2# 0-1

[Event "London Classic Open 2015"]
[Site "London ENG"]
[Date "2015.12.05"]
[Round "3.81"]
[White "Vachtfeidl, Petr"]
[Black "Willmoth, Robert F"]
[Result "0-1"]
[BlackTitle "CM"]
[WhiteElo "1983"]
[BlackElo "2150"]
[WhiteFideId "315028"]
[BlackFideId "402540"]
[EventDate "2015.12.04"]

1. e4 d6 2. d4 Nf6 3. Nc3 c6 4. f4 Qa5 5. Bd3 e5 6. Nf3 exd4 7. Nxd4 g6 8. Be3
Bg7 9. h3 Nbd7 10. O-O O-O 11. Qe1 Re8 12. Qf2 Qc7 13. Rae1 b5 14. f5 b4 15. Nb1
c5 16. Nb5 Qc6 17. fxg6 hxg6 18. Bf4 Ne5 19. Bxe5 dxe5 20. Nd2 a6 21. a4 Bd7 22.
Nb3 Rec8 23. Na5 Qe6 24. Bc4 Qe7 0-1

[Event "London Classic Open 2015"]
[Site "London ENG"]
[Date "2015.12.05"]
[Round "3.83"]
[White "Rogers, Tim L"]
[Black "White, David J"]
[Result "1-0"]
[WhiteElo "2075"]
[BlackElo "1921"]
[WhiteFideId "418137"]
[BlackFideId "402931"]
[EventDate "2015.12.04"]

1. e4 c5 2. Nf3 d6 3. d4 cxd4 4. Nxd4 Nf6 5. Nc3 g6 6. Be3 Bg7 7. f3 O-O 8. Qd2
Nc6 9. O-O-O d5 10. Kb1 Nxd4 11. e5 Nc6 12. exf6 exf6 13. Nxd5 Be6 14. Bc5 Re8
15. Bb5 Bxd5 16. Qxd5 Qa5 17. Bd6 Qb6 18. Bc4 Nd8 19. Rhe1 Qc6 20. Bb5 Rxe1 21.
Bxc6 Rxd1+ 22. Qxd1 Nxc6 23. c4 Rd8 24. c5 Bf8 25. Qd5 Rd7 26. Qe4 Rd8 27. Qf4
f5 28. b4 Bg7 29. b5 Nd4 30. Qh4 Re8 31. a4 h6 32. f4 Re2 33. Qd8+ Kh7 34. Be5
Ne6 35. Qe7 Re1+ 36. Kc2 Bxe5 37. fxe5 Kg7 38. Qf6+ Kg8 39. c6 bxc6 40. bxc6 Re4
41. Kc3 Re3+ 42. Kb4 Re4+ 43. Kb5 Nc7+ 44. Ka5 Rd4 45. Qd6 Rd5+ 46. Kb4 Na6+ 47.
Kc4 1-0

[Event "London Classic Open 2015"]
[Site "London ENG"]
[Date "2015.12.05"]
[Round "3.84"]
[White "Gupta, Arul"]
[Black "Mohnblatt, Daniel"]
[Result "1-0"]
[WhiteElo "2063"]
[BlackElo "1766"]
[WhiteFideId "422622"]
[BlackFideId "648582"]
[EventDate "2015.12.04"]

1. e4 Nf6 2. e5 Nd5 3. d4 d6 4. Nf3 dxe5 5. Nxe5 c6 6. Bc4 Nd7 7. f4 Nxe5 8.
fxe5 e6 9. O-O Be7 10. Qh5 g6 11. Qf3 f5 12. exf6 Nxf6 13. c3 O-O 14. Bh6 Rf7
15. Nd2 Qe8 16. Qe2 Nd5 17. Rxf7 Qxf7 18. Rf1 Qe8 19. Bxd5 cxd5 20. Qe5 1-0

[Event "London Classic Open 2015"]
[Site "London ENG"]
[Date "2015.12.05"]
[Round "3.85"]
[White "Prior, Stephen C V"]
[Black "Compton, Alistair"]
[Result "0-1"]
[WhiteElo "1959"]
[BlackElo "2061"]
[WhiteFideId "423378"]
[BlackFideId "4300645"]
[EventDate "2015.12.04"]

1. c4 e6 2. g3 d5 3. Bg2 c5 4. Nf3 Nf6 5. O-O Be7 6. b3 O-O 7. Bb2 Nc6 8. d3 d4
9. Qd2 Re8 10. Na3 e5 11. Nc2 h6 12. e3 Qc7 13. exd4 cxd4 14. Rfe1 a5 15. Re2
Bf5 16. Rae1 Bd6 17. Qd1 a4 18. bxa4 Qa5 19. c5 Bc7 20. Ncxd4 exd4 21. Rxe8+
Rxe8 22. Rxe8+ Nxe8 23. Nxd4 Qxc5 24. Nxf5 Qxf5 25. Be4 Qe6 26. Qb3 Qxb3 27.
axb3 Nd6 28. Bg2 Ba5 29. Kf1 Nf5 30. Bd5 Bb4 31. Ke2 Nfe7 32. Bg2 Na5 33. Kd1
Nxb3 34. Bxb7 Nc5 35. Bg2 Nxa4 36. Be5 Nc5 37. Kc2 Nd7 38. Bb2 Bc5 39. d4 Bd6
40. Kd3 Nf6 41. h3 Kf8 42. Kc4 Nf5 43. g4 Nh4 44. Bc6 Ke7 45. Kd3 g5 46. Bc1 Ng6
47. Ke2 Nf4+ 48. Bxf4 Bxf4 49. Bb5 Nd5 50. Bc4 Kd6 51. Kf3 f6 52. Ke4 Ne7 53. h4
Kc6 54. hxg5 hxg5 55. Be6 Kb5 56. Bf7 Kb4 57. Kd3 Bc7 58. Ke4 Bb6 59. f4 Nc6 60.
fxg5 fxg5 61. Kf5 Bd8 62. d5 Nd4+ 63. Kg6 Kc5 64. Kh5 Nc2 65. Be6 Ne3 66. Bc8
Kxd5 67. Bd7 Ke5 68. Bc8 Nd5 69. Ba6 Kf4 70. Bc8 Nf6+ 71. Kg6 Nxg4 72. Kh5 Ne3
73. Kg6 g4 74. Bxg4 Nxg4 75. Kf7 Bf6 76. Ke6 Ke4 77. Kd6 Ne3 78. Kc6 Ke5 79. Kc7
Kd5 80. Kb7 Nc4 81. Ka8 Kc6 82. Ka7 Be5 83. Ka8 Nb6+ 84. Ka7 Bf4 85. Ka6 Bb8 86.
Ka5 Nd5 87. Ka6 Nb4+ 88. Ka5 Kc5 89. Ka4 Kc4 90. Ka5 Bc7+ 91. Ka4 Nd3 92. Ka3
Bb6 93. Ka4 Nb2+ 94. Ka3 Kc3 95. Ka2 Kc2 96. Ka3 Bc5+ 97. Ka2 Nd3 98. Ka1 Bb4
99. Ka2 Nc1+ 100. Ka1 Bc3# 0-1

[Event "London Classic Open 2015"]
[Site "London ENG"]
[Date "2015.12.05"]
[Round "3.86"]
[White "Burbidge, Duncan R"]
[Black "Guo, Emma"]
[Result "1/2-1/2"]
[BlackTitle "WIM"]
[WhiteElo "1943"]
[BlackElo "2050"]
[WhiteFideId "412198"]
[BlackFideId "3200795"]
[EventDate "2015.12.04"]

1. e4 e5 2. Nf3 Nc6 3. d4 exd4 4. Nxd4 Bc5 5. Nxc6 dxc6 6. Qxd8+ Kxd8 7. Bc4 Ke7
8. Bf4 Nf6 9. Nd2 Bb6 10. Bg5 h6 11. Bh4 g5 12. Bg3 Be6 13. Bxe6 Kxe6 14. O-O-O
Rad8 15. f3 Nh5 16. Nc4 Rxd1+ 17. Kxd1 Rd8+ 18. Ke2 f5 19. exf5+ Kxf5 20. Be5
Nf4+ 21. Bxf4 Kxf4 22. g3+ Kf5 23. Nxb6 axb6 24. Rd1 Re8+ 25. Kf2 Re7 26. Rd4 b5
27. g4+ Kf6 28. Rd8 b6 29. Rd4 c5 30. Rd5 Ke6 31. Rd2 Kf6 32. Rd3 b4 33. Rd2 Re8
34. c3 bxc3 35. bxc3 Ra8 36. Kg3 Ra3 37. Rc2 Ke5 38. f4+ gxf4+ 39. Kf3 b5 40.
Re2+ Kf6 41. Kxf4 Rxc3 42. h4 Rc4+ 43. Kf3 Rd4 44. Rg2 c4 45. Ke3 Rd3+ 46. Ke4
Rh3 47. g5+ hxg5 48. hxg5+ Kg6 49. Kd4 Rh5 50. a4 Rh4+ 51. Kc5 bxa4 52. Kb4 c3+
53. Kxc3 Rf4 54. Kb2 Rf3 55. Rc2 Rb3+ 56. Ka2 Rb7 57. Rc5 Ra7 58. Ka3 Kh5 59.
Re5 c6 60. Rc5 Ra6 61. Re5 Kg6 62. Rc5 Kh5 1/2-1/2

[Event "London Classic Open 2015"]
[Site "London ENG"]
[Date "2015.12.05"]
[Round "3.87"]
[White "Barton, R Alan"]
[Black "Charisiadis, Archimidis"]
[Result "1/2-1/2"]
[WhiteElo "2012"]
[BlackElo "1740"]
[WhiteFideId "404233"]
[BlackFideId "4240081"]
[EventDate "2015.12.04"]

1. d4 Nf6 2. Nf3 e6 3. g3 d5 4. Bg2 Nbd7 5. O-O Be7 6. c4 O-O 7. b3 c6 8. Bb2 b6
9. Qc2 Bb7 10. Nbd2 Rc8 11. Rad1 Qc7 12. Ne5 c5 13. Nxd7 Nxd7 14. cxd5 exd5 15.
Nf3 Bf6 16. Rd2 Rfd8 17. Rc1 Qd6 18. Qd3 Qe6 19. Rdc2 Re8 20. e3 Qd6 21. Bh3
Red8 22. Qe2 Rc7 23. Ba3 Qc6 24. Bb2 Be7 25. Qd3 c4 26. Qf1 b5 27. Bc3 b4 28.
Be1 c3 29. Bf5 Qf6 30. Bxd7 Rcxd7 31. Ne5 Rd6 32. Qh3 Bc8 33. g4 g6 34. Qg3 Qh4
35. Qg2 f6 36. f4 Qh6 37. Nf3 Qg7 38. h3 g5 39. fxg5 fxg5 40. Bg3 Re6 41. Be5
Bf6 42. Qg3 Ba6 43. Rf2 Bd3 44. Bxf6 Rxf6 45. Ne5 Rxf2 46. Qxf2 Rf8 47. Qg2 Be4
48. Qe2 Qb7 49. Qh2 Qe7 50. Qe2 1/2-1/2

[Event "London Classic Open 2015"]
[Site "London ENG"]
[Date "2015.12.05"]
[Round "3.88"]
[White "Niccoli, Tony"]
[Black "Chen, Meng Boon Marcus"]
[Result "1-0"]
[WhiteElo "2009"]
[BlackElo "1715"]
[WhiteFideId "432946"]
[BlackFideId "5812470"]
[EventDate "2015.12.04"]

1. e4 e6 2. d4 d5 3. Nd2 Nf6 4. e5 Nfd7 5. Bd3 c5 6. c3 Nc6 7. Ne2 cxd4 8. cxd4
f6 9. exf6 Nxf6 10. Nf3 Bd6 11. O-O Qc7 12. Bd2 O-O 13. Rc1 Bd7 14. Ng3 Rae8 15.
Bc3 Qb8 16. Re1 b5 17. a3 a5 18. Bb1 b4 19. axb4 axb4 20. Bd2 e5 21. dxe5 Nxe5
22. Nxe5 Bxe5 23. Qb3 Bd6 24. Bg5 Bf4 25. Bxf6 Rxf6 26. Rxe8+ Bxe8 27. Rd1 Bf7
28. Qd3 g6 29. Qd4 Be5 30. Qd2 Qb6 31. Nf1 Rf4 32. Re1 Qf6 33. Ne3 d4 34. Nd1 b3
35. Be4 Be6 36. Qe2 Bd6 37. g3 Bg4 38. Qc4+ Kg7 39. gxf4 Qxf4 40. Qxd4+ Be5 41.
Qa7+ Bc7 42. Qd4+ Be5 43. Qa7+ Bc7 44. Bg2 Qxh2+ 45. Kf1 Kh6 46. Ne3 Bd7 47. Qc5
Bd6 48. Qd5 Bc8 49. Qc4 Bh3 50. Qh4+ Kg7 51. Qxh3 Qe5 52. Nf5+ Qxf5 53. Qxf5
gxf5 54. Bd5 Bb4 55. Rd1 Kf6 56. Bxb3 Ke5 57. Ke2 h5 58. Rh1 Bc5 59. Rxh5 Bd4
60. Bc2 Bxb2 61. Rxf5+ Kd4 62. Rf8 Kc3 63. Bd3 Ba3 64. Rd8 Kb3 65. f4 Bc5 66. f5
Ka3 67. f6 Bb4 68. f7 Kb3 69. f8=Q Bxf8 70. Rxf8 Kc3 71. Ke3 Kb2 72. Kd2 Ka2 73.
Rb8 Ka1 74. Kc2 Ka2 75. Ra8# 1-0

[Event "London Classic Open 2015"]
[Site "London ENG"]
[Date "2015.12.05"]
[Round "3.90"]
[White "Rovai, Andrea"]
[Black "Staples, Daniel J"]
[Result "0-1"]
[WhiteElo "1839"]
[BlackElo "1994"]
[WhiteFideId "2833072"]
[BlackFideId "417211"]
[EventDate "2015.12.04"]

1. e4 e6 2. d3 c5 3. g3 Nc6 4. Bg2 Nf6 5. Nf3 Be7 6. O-O O-O 7. Nbd2 d5 8. e5
Ne8 9. Re1 b5 10. Nf1 a5 11. h4 Nc7 12. Bf4 Ra7 13. Ng5 Nd4 14. c3 h6 15. Nh3
Nc6 16. Qh5 Qe8 17. Bxh6 gxh6 18. Qxh6 f6 19. Nf4 Nxe5 20. Nh2 Rf7 21. Qh5 Rh7
22. Qe2 Ng6 23. Qg4 Rg7 24. Nh5 Rh7 25. Bh3 f5 26. Qe2 Nxh4 27. Nf4 Ng6 28. Nh5
Qf8 29. g4 Qh6 30. Nf1 Ne8 31. Nfg3 f4 32. Nf1 Nf6 33. f3 Ra6 34. Kf2 Nxh5 35.
gxh5 Qxh5 36. Bg2 Nh4 37. Kg1 Rg7 38. Qe5 Nxf3+ 0-1

[Event "London Classic Open 2015"]
[Site "London ENG"]
[Date "2015.12.05"]
[Round "3.91"]
[White "Chen, Yi Jing Alvin"]
[Black "Grigoryan, Meri"]
[Result "0-1"]
[BlackTitle "WFM"]
[WhiteElo "1621"]
[BlackElo "1983"]
[WhiteFideId "5804051"]
[BlackFideId "13300571"]
[EventDate "2015.12.04"]

1. Nf3 d5 2. c4 d4 3. g3 c5 4. d3 Nc6 5. Bg2 e5 6. O-O Nf6 7. Nbd2 Be7 8. Rb1
O-O 9. a3 a5 10. h3 h6 11. Qc2 Bf5 12. Nh4 Bh7 13. Qb3 Qd7 14. Kh2 Nh5 15. Bf3
Nf4 16. gxf4 Bxh4 17. Ne4 Be7 18. Rg1 Kh8 19. Qb6 Bxe4 20. Bxe4 exf4 21. Bxf4
Ra6 22. Qb5 g5 23. Bd2 Bd6+ 24. Kg2 Qe7 25. Kf1 f5 26. Bxc6 Rxc6 27. Re1 f4 28.
f3 Qd7 29. Rh1 b6 30. Kf2 Bc7 31. Reg1 Qe6 32. Re1 Bd8 33. b4 axb4 34. axb4 Re8
35. Qa4 Rc7 36. b5 Qe7 37. Qa8 Ra7 38. Qc6 Kg7 39. Qe4 Qf7 40. Qc6 Ra2 41. Rd1
Re6 42. Qd5 Qe8 43. Rhe1 g4 44. Bxf4 Bh4+ 45. Kg1 Bxe1 46. Qb7+ Qe7 47. Qxe7+
Rxe7 48. Rxe1 gxf3 49. Kf2 Raxe2+ 50. Rxe2 fxe2 51. Ke1 Re6 52. h4 Kg6 53. Bg3
Kh5 54. Kd2 Kg4 55. Be1 Kf3 56. Kc1 Kg2 57. Kc2 Kf1 58. Kd2 Re3 59. h5 Rxd3+ 60.
Kxd3 Kxe1 61. Ke4 Kf2 62. Kd5 e1=Q 63. Kc6 Qe6+ 64. Kb7 d3 0-1